[Event "Africa-ch"]
[Site "Cairo"]
[Date "2025.05.17"]
[Round "6"]
[White "Sayed Hassan, Mohamed"]
[Black "Ahmed, Moustafa Elsayed"]
[Result "0-1"]
[WhiteElo "2201"]
[BlackElo "2079"]
[PlyCount "168"]
[EventDate "2025.05.13"]
[EventType "swiss"]
[EventRounds "9"]
[EventCountry "EGY"]
[SourceTitle "CB22_2025"]
[SourceDate "2025.05.28"]
[SourceVersion "1"]
[SourceVersionDate "2025.05.28"]
[SourceQuality "1"]

1. d4 Nf6 2. c4 c5 3. d5 b5 4. cxb5 a6 5. bxa6 g6 6. Nc3 Bxa6 7. e4 Bxf1 8. Kxf1 d6 9. g3 Bg7 10. Kg2 0-0 11. Nf3 Qb6 12. Qe2 Qa6 13. Qc2 Nbd7 14. a4 Rfb8 15. Ra3 Rb4 16. a5 Ng4 17. Bd2 Rab8 18. Rb1 Qc4 19. a6 Nge5 20. a7 Ra8 21. Ne1 Rb7 22. Ra4 Qb3 23. Qxb3 Rxb3 24. f4 Ng4 25. h3 Ngf6 26. Nd3 Ne8 27. Kf1 Rb7 28. Rba1 Nb6 29. R4a2 Nc8 30. Ke2 Nc7 31. Kf3 f5 32. g4 fxe4+ 33. Kxe4 Nb6 34. f5 Bxc3 35. bxc3 Nbxd5 36. c4 Nf6+ 37. Ke3 Nd7 38. Ke4 Kf7 39. Ra3 Ne8 40. Bc3 Nef6+ 41. Kf4 Nb6 42. Bxf6 Kxf6 43. Ra6 Kf7 44. fxg6+ hxg6 45. Kg5 Nxc4 46. Rf1+ Ke8 47. Kxg6 Raxa7 48. Rxa7 Rxa7 49. Rf4 Ne3 50. g5 Ra3 51. Nxc5 dxc5 52. h4 Nd5 53. Rc4 Rc3 54. Ra4 Rf3 55. Ra5 Nf4+ 56. Kf5 c4 57. Kg4 Rf1 58. h5 Ne6 59. Ra8+ Kf7 60. g6+ Kf6 61. Ra6 Rf4+ 62. Kg3 Rf5 63. Kh4 Re5 64. Rc6 Re4+ 65. Kg3 Kg7 66. Rc8 Nd4 67. Kf2 Nb5 68. Kf3 Nd6 69. Rc7 Kh6 70. Rc6 Re6 71. Rc5 Rf6+ 72. Kg4 Re6 73. Kf3 Re1 74. Kg4 Rg1+ 75. Kf4 Kg7 76. Re5 Kf6 77. Rc5 Rf1+ 78. Kg4 Rf5 79. Rc6 Rg5+ 80. Kh4 Rg1 81. Kh3 Kf5 82. Rc7 Rh1+ 83. Kg2 Rxh5 84. Rxe7 Rg5+ 0-1

[Event "Cairo Al Ain op"]
[Site "Cairo"]
[Date "2023.11.30"]
[Round "7"]
[White "Abdullah, Zeinhom Hassan Kama"]
[Black "Ahmed, Moustafa Elsayed"]
[Result "0-1"]
[WhiteElo "1759"]
[BlackElo "1981"]
[PlyCount "149"]
[EventDate "2023.11.27"]
[EventType "swiss"]
[EventRounds "10"]
[EventCountry "EGY"]
[SourceTitle "CBM 217 Extra"]
[Source "ChessBase"]
[SourceDate "2024.01.31"]
[SourceVersion "1"]
[SourceVersionDate "2024.01.31"]
[SourceQuality "1"]

1. e4 c5 2. Nf3 Nc6 3. d4 cxd4 4. Nxd4 g6 5. Nc3 Bg7 6. Be3 Nf6 7. Bc4 0-0 8. Bb3 Re8 9. f3 e6 10. Nxc6 dxc6 11. e5 Nd5 12. Nxd5 exd5 13. f4 f6 14. 0-0 fxe5 15. fxe5 Bxe5 16. Bd4 Bxd4+ 17. Qxd4 Qb6 18. Qxb6 axb6 19. c4 dxc4 20. Bxc4+ Be6 21. Bxe6+ Rxe6 22. Rf2 b5 23. b3 Rae8 24. Rd2 Re2 25. Rad1 Rxd2 26. Rxd2 Kf7 27. Kf2 Ke7 28. Ke3 Rd8 29. Rf2 Kd6 30. Kd4 Rd7 31. Re2 c5+ 32. Kc3 Kd5 33. Rf2 Re7 34. Rd2+ Kc6 35. Rf2 Re3+ 36. Kd2 Re6 37. Rf7 h5 38. Rf4 Rd6+ 39. Kc3 b4+ 40. Kc2 b5 41. g4 Re6 42. Kd2 Kd5 43. gxh5 gxh5 44. Kd3 Re1 45. Rf5+ Re5 46. Rf4 Rg5 47. h4 c4+ 48. Kc2 Rg2+ 49. Kb1 Rg4 50. Rf5+ Kd4 51. Kc2 Rg2+ 52. Kd1 Rxa2 53. Rxb5 cxb3 54. Kc1 Rh2 55. Rf5 Kc4 56. Rf4+ Kb5 57. Rf8 Rxh4 58. Kb2 Kc4 59. Rc8+ Kd3 60. Kxb3 Ke3 61. Rc5 Kf3 62. Rg5 Rh2 63. Kxb4 h4 64. Kc3 Rg2 65. Rh5 Rg4 66. Rd5 Rf4 67. Kd2 h3 68. Rh5 Kg2 69. Rg5+ Kf2 70. Rh5 Rf3 71. Rh8 Kg2 72. Ke2 Rg3 73. Rf8 h2 74. Rf2+ Kh3 75. Rf1 0-1

[Event "Cairo Al Ain op"]
[Site "Cairo"]
[Date "2023.11.29"]
[Round "5"]
[White "Rezk, Mohamed"]
[Black "Ahmed, Moustafa Elsayed"]
[Result "1-0"]
[WhiteElo "1932"]
[BlackElo "1981"]
[PlyCount "100"]
[EventDate "2023.11.27"]
[EventType "swiss"]
[EventRounds "10"]
[EventCountry "EGY"]
[SourceTitle "CBM 217 Extra"]
[Source "ChessBase"]
[SourceDate "2024.01.31"]
[SourceVersion "1"]
[SourceVersionDate "2024.01.31"]
[SourceQuality "1"]

1. e4 e5 2. Nf3 Nc6 3. Bb5 a6 4. Ba4 b5 5. Bb3 Nf6 6. d4 Nxd4 7. Nxd4 exd4 8. e5 c5 9. exf6 d5 10. a3 Be6 11. Qf3 c4 12. Ba2 Qxf6 13. Qxf6 gxf6 14. Nd2 Rg8 15. Nf3 Bc5 16. Bf4 Rg4 17. Bg3 Bf5 18. 0-0-0 0-0-0 19. Nd2 a5 20. h3 Rgg8 21. Nf3 d3 22. Bb1 Rxg3 23. fxg3 Be3+ 24. Rd2 d4 25. Kd1 dxc2+ 26. Bxc2 d3 27. Bb1 h5 28. Re1 Bc5 29. Ba2 Be6 30. a4 Bb4 31. axb5 Bxd2 32. Nxd2 Rd4 33. Re4 Rxe4 34. Nxe4 Bd5 35. Nd2 Bxg2 36. h4 c3 37. bxc3 Kc7 38. Bxf7 Kb6 39. c4 a4 40. Nb1 Bf3+ 41. Kd2 Kc5 42. Kxd3 Kb4 43. Kd4 Bg4 44. b6 Bc8 45. Bd5 a3 46. Nxa3 Kxa3 47. b7 Bxb7 48. Bxb7 Kb4 49. c5 Kb5 50. Kd5 f5 1-0

[Event "Cairo Al Ain op"]
[Site "Cairo"]
[Date "2023.11.28"]
[Round "3"]
[White "Ahmed, Moustafa Elsayed"]
[Black "Khalifa, Zeyad"]
[Result "0-1"]
[WhiteElo "1981"]
[BlackElo "1733"]
[PlyCount "96"]
[EventDate "2023.11.27"]
[EventType "swiss"]
[EventRounds "10"]
[EventCountry "EGY"]
[SourceTitle "CBM 217 Extra"]
[Source "ChessBase"]
[SourceDate "2024.01.31"]
[SourceVersion "1"]
[SourceVersionDate "2024.01.31"]
[SourceQuality "1"]

1. e4 e5 2. Nf3 Nc6 3. d4 exd4 4. Nxd4 Nf6 5. Nc3 Bb4 6. Nxc6 bxc6 7. Bd3 d5 8. exd5 cxd5 9. 0-0 0-0 10. h3 h6 11. Qf3 c6 12. Ne2 Re8 13. Rd1 Bd7 14. Ng3 Rb8 15. Bf4 Rb7 16. c4 Bc5 17. b3 Be6 18. Be5 Bg4 19. hxg4 Rxe5 20. Nf5 g6 21. Qf4 Qc7 22. Qxh6 Bf8 23. Qh4 Nh7 24. Nd4 Be7 25. Qh6 Bg5 26. Qh2 Be7 27. Nf3 Bd6 28. Nxe5 Bxe5 29. Qh4 Bxa1 30. Rxa1 Qe5 31. Rd1 Kg7 32. f3 Rb8 33. Qf2 Re8 34. cxd5 cxd5 35. Bb5 Rd8 36. Qd4 Qxd4+ 37. Rxd4 Kf6 38. Kf2 Ke5 39. Ra4 Rb8 40. Bd3 Rb7 41. Ke3 Nf6 42. f4+ Kd6 43. Ra6+ Ke7 44. g5 Nd7 45. g3 Nb6 46. a4 Nd7 47. Kd4 Rb5 48. b4 Rxb4+ 0-1

[Event "Golden Cleopatra op"]
[Site "Cairo"]
[Date "2016.12.16"]
[Round "4"]
[White "Hesham, Abdelrahman"]
[Black "Ahmed, Moustafa Elsayed"]
[Result "1-0"]
[WhiteElo "2408"]
[BlackElo "2131"]
[PlyCount "55"]
[EventDate "2016.12.13"]
[EventType "swiss"]
[EventRounds "10"]
[EventCountry "EGY"]
[SourceTitle "CBM 176 Extra"]
[Source "ChessBase"]
[SourceDate "2017.03.02"]
[SourceVersion "1"]
[SourceVersionDate "2017.03.02"]
[SourceQuality "1"]

1. d4 Nf6 2. c4 g6 3. f3 Bg7 4. e4 d6 5. Ne2 0-0 6. Be3 Nc6 7. Qd2 b6 8. Na3 Na5 9. Bh6 e5 10. h4 exd4 11. Bxg7 Kxg7 12. Qxd4 Qe7 13. h5 Qe5 14. Qd2 Ba6 15. Rc1 c5 16. b3 Rad8 17. Nc2 Nc6 18. Ne3 d5 19. Nxd5 Rxd5 20. exd5 Nd4 21. h6+ Kg8 22. Kd1 Nf5 23. Qc3 Nd4 24. Nxd4 cxd4 25. Qe1 Qf5 26. Qd2 b5 27. Qxd4 Rc8 28. Bd3 1-0

[Event "EGY-chT"]
[Site "Egypt"]
[Date "2016.05.05"]
[Round "1.4"]
[White "Sarwat, Walaa"]
[Black "Ahmed, Moustafa Elsayed"]
[Result "1-0"]
[WhiteElo "2339"]
[BlackElo "2144"]
[PlyCount "105"]
[EventDate "2016.05.05"]
[EventType "team-tourn"]
[EventRounds "9"]
[EventCountry "EGY"]
[SourceTitle "CBM 172 Extra"]
[Source "ChessBase"]
[SourceDate "2016.06.21"]
[SourceVersion "1"]
[SourceVersionDate "2016.06.21"]
[SourceQuality "1"]
[WhiteTeam "Elhawar"]
[BlackTeam "Abo Simbel"]
[WhiteTeamCountry "EGY"]
[BlackTeamCountry "EGY"]

1. e4 e5 2. Nf3 Nc6 3. Bb5 a6 4. Ba4 Nf6 5. d3 d6 6. c3 Be7 7. 0-0 0-0 8. Re1 Nb8 9. Nbd2 Nbd7 10. Nf1 Nc5 11. Bc2 Ne6 12. Ng3 g6 13. Bh6 Re8 14. h3 c5 15. Bb3 Bf8 16. Qd2 Bg7 17. Bxg7 Kxg7 18. d4 Qc7 19. Bd5 Ra7 20. Rad1 b5 21. dxe5 dxe5 22. Bxe6 Bxe6 23. b3 Bc8 24. Nf5+ Bxf5 25. exf5 h6 26. fxg6 fxg6 27. Qd6 e4 28. Nh2 Qxd6 29. Rxd6 Ree7 30. Red1 Rad7 31. Kf1 Kf7 32. Ke2 Rxd6 33. Rxd6 Re6 34. Rd1 Ke7 35. Ng4 Nxg4 36. hxg4 Rd6 37. Rh1 Kf6 38. Rxh6 Rd7 39. Rh3 c4 40. bxc4 bxc4 41. Re3 Kg5 42. f3 exf3+ 43. gxf3 Rd3 44. Rxd3 cxd3+ 45. Kxd3 Kf4 46. c4 Kxf3 47. Kd4 Kxg4 48. Ke4 Kg5 49. Ke5 Kh4 50. c5 g5 51. c6 g4 52. c7 g3 53. c8Q 1-0

[Event "Mahalla op 16th"]
[Site "Mahalla"]
[Date "2015.07.30"]
[Round "7"]
[White "Moatamid, Yasser"]
[Black "Ahmed, Moustafa Elsayed"]
[Result "0-1"]
[WhiteElo "1692"]
[BlackElo "2031"]
[PlyCount "40"]
[EventDate "2015.07.24"]
[EventType "swiss"]
[EventRounds "9"]
[EventCountry "EGY"]
[SourceTitle "EXT 2016"]
[Source "ChessBase"]
[SourceDate "2015.10.08"]
[SourceVersion "1"]
[SourceVersionDate "2015.10.08"]
[SourceQuality "1"]

1. e4 e5 2. Nf3 Nc6 3. d4 exd4 4. Nxd4 Bc5 5. Be3 Qf6 6. c3 Nge7 7. Bc4 d6 8. 0-0 0-0 9. Nxc6 Nxc6 10. Bxc5 dxc5 11. Nd2 Ne5 12. Qe2 Rd8 13. Nb3 Qe7 14. Rad1 Bd7 15. Rd5 c6 16. Rxc5 b6 17. Rxe5 Qxe5 18. f4 Qe7 19. f5 Re8 20. Qh5 b5 0-1